|
|
|
|
| LEADER |
02882nam a2200613 4500 |
| 001 |
ocn910936387 |
| 003 |
OCoLC |
| 005 |
20170124070239.4 |
| 006 |
m o d |
| 007 |
cr ||||||||||| |
| 008 |
150609t20162016nju ob 001 0 eng |
| 010 |
|
|
|a 2015022889
|
| 040 |
|
|
|a DLC
|b eng
|e rda
|e pn
|c DLC
|d OCLCF
|d N$T
|d IDEBK
|d DG1
|d YDXCP
|d EBLCP
|d COO
|d CDX
|d RECBK
|d WAU
|d DEBSZ
|d DEBBG
|d CCO
|d GrThAP
|
| 019 |
|
|
|a 933437674
|a 936082842
|
| 020 |
|
|
|a 9781118985410 (Adobe PDF)
|
| 020 |
|
|
|a 1118985419 (Adobe PDF)
|
| 020 |
|
|
|a 9781118985458 (ePub)
|
| 020 |
|
|
|a 1118985451 (ePub)
|
| 020 |
|
|
|z 9781118985397
|
| 020 |
|
|
|z 1118985397
|
| 020 |
|
|
|a 9781118985465
|
| 020 |
|
|
|a 111898546X
|
| 029 |
1 |
|
|a AU@
|b 000057030766
|
| 029 |
1 |
|
|a GBVCP
|b 85548389X
|
| 029 |
1 |
|
|a DEBSZ
|b 473874229
|
| 029 |
1 |
|
|a DEBBG
|b BV043737998
|
| 029 |
1 |
|
|a AU@
|b 000059224789
|
| 035 |
|
|
|a (OCoLC)910936387
|z (OCoLC)933437674
|z (OCoLC)936082842
|
| 042 |
|
|
|a pcc
|
| 050 |
0 |
0 |
|a TK7867.2
|
| 072 |
|
7 |
|a TEC
|x 009000
|2 bisacsh
|
| 082 |
0 |
0 |
|a 629.04/6015376
|2 23
|
| 049 |
|
|
|a MAIN
|
| 100 |
1 |
|
|a Baker, Donald G.,
|d 1935-
|e author.
|
| 245 |
1 |
0 |
|a Electromagnetic compatibility :
|b analysis and case studies in transportation /
|c Donald G. Baker.
|
| 264 |
|
1 |
|a Hoboken, New Jersey :
|b John Wiley & Sons, Inc.,
|c [2016]
|
| 264 |
|
4 |
|c ©2016
|
| 300 |
|
|
|a 1 online resource.
|
| 336 |
|
|
|a text
|b txt
|2 rdacontent
|
| 337 |
|
|
|a computer
|b n
|2 rdamedia
|
| 338 |
|
|
|a online resource
|b nc
|2 rdacarrier
|
| 504 |
|
|
|a Includes bibliographical references and index.
|
| 505 |
0 |
|
|a Fundamentals of coupling culprit to victim -- Introduction to electromagnet fields -- Case studies and analysis in transportation systems -- Case studies and analysis of LRT vehicle and bus top antenna farm emissions and other radio-related case studies -- Case studies and analysis of communications equipment and cable shielding and grounding for bus and ferry operations -- Health and safety issues for maintenance workers and the public with exposure limits -- Miscellaneous information text plans and other information useful for analysis -- Track circuit and signals.
|
| 588 |
|
|
|a Description based on print version record and CIP data provided by publisher.
|
| 650 |
|
0 |
|a Electromagnetic compatibility.
|
| 650 |
|
0 |
|a Transportation
|v Case studies.
|
| 650 |
|
7 |
|a Electromagnetic compatibility.
|2 fast
|0 (OCoLC)fst00906512
|
| 650 |
|
7 |
|a Transportation.
|2 fast
|0 (OCoLC)fst01155007
|
| 650 |
|
7 |
|a TECHNOLOGY & ENGINEERING / Engineering (General)
|2 bisacsh
|
| 655 |
|
7 |
|a Case studies.
|2 fast
|0 (OCoLC)fst01423765
|
| 655 |
|
4 |
|a Electronic books.
|
| 776 |
0 |
8 |
|i Print version:
|a Baker, Donald G., 1935- author.
|t Electromagnetic compatibility
|d Hoboken, New Jersey : John Wiley & Sons, Inc., [2015]
|z 9781118985397
|w (DLC) 2015021088
|
| 856 |
4 |
0 |
|u https://doi.org/10.1002/9781118985465
|z Full Text via HEAL-Link
|
| 994 |
|
|
|a 92
|b DG1
|